000 00298nam a22001337a 4500
008 170309b xxu||||| |||| 00| 0 eng d
020 _a3794506006
041 _aeng
080 _a611
100 _a6
101 _aSHM
245 _aFUNKTIONELLE ANATOMOI DES MENSCHEN
_cROHEN, J.W
942 _2udc
_cBK
999 _c7382
_d7382